| 000 | 00557nam a2200193 4500 | ||
|---|---|---|---|
| 001 | 3561 | ||
| 005 | 20230411085557.0 | ||
| 008 | 060907n1983 dr spa | ||
| 020 | _a0486255816 | ||
| 035 | _9funglode3579 | ||
| 041 | _aEN | ||
| 050 | 1 | 4 | _aTK 148 L579s 1983 |
| 100 | _aLeon, George deLucenay | ||
| 245 | 1 | 4 |
_aThe story of electricity : _bwith 20 easy-to-perform experiments / _cGeorge Delucenay Leon |
| 260 |
_aNew York : _bDover publications, _c1983 |
||
| 300 | _axv, 91 p. | ||
| 504 | _aIncluye Bibliografía | ||
| 942 |
_2lcc _cbk |
||
| 999 |
_c104048 _d104048 |
||